00355cam a22001097a 4500008004000000082001300040100002600053245011100079260002700190300001400217650001400231180718b1936 xxu||||| |||| 00| 0 eng d aT16 W197 aWarbasse, James Peter aCo-operative democracy : through voluntary association of the people as consumerscby James Peter Warbasse aNew YorkbHarperc1936 axii,324p. aDemocracy